Sobre la teoría de las ciencias sociales / (Record no. 111827)

MARC details
000 -LEADER
campo de control de longitud fija 01186cam a2200373Ia 4500
001 - NÚMERO DE CONTROL
campo de control 90585
005 - FECHA Y HORA DE LA ÚLTIMA TRANSACCIÓN
campo de control 20230411090049.0
008 - DATOS DE LONGITUD FIJA--INFORMACIÓN GENERAL
campo de control de longitud fija 030716s1977 sp 000 0 spa d
035 ## - NÚMERO DE CONTROL DEL SISTEMA
Número de control de sistema (OCoLC)ocm52626742
040 ## - FUENTE DE CATALOGACIÓN
Centro catalogador/agencia de origen UBP
Lengua de catalogación spa
Centro/agencia transcriptor UBP
Centro/agencia modificador OCLCQ
-- BNM
020 ## - NÚMERO INTERNACIONAL ESTÁNDAR DEL LIBRO
Número Internacional Estándar del Libro 8429707867
020 ## - NÚMERO INTERNACIONAL ESTÁNDAR DEL LIBRO
Número Internacional Estándar del Libro 9788429707861
035 ## - NÚMERO DE CONTROL DEL SISTEMA
Número de control de sistema (OCoLC)52626742
041 1# - CÓDIGO DE IDIOMA
Código de lengua del texto/banda sonora o título independiente spa
Código de lengua original ger
090 ## - LOCALMENTE ASIGNADO TIPO-LC NÚMERO DE CLASIFICACIÓN (OCLC); NÚMERO DE CLASIFICACIÓN LOCAL (RLIN)
Número de clasificación (OCLC) (R) ; Numero de clasificación, CALL (RLIN) (NR) H83
Número cutter local (OCLC) ; Número de libro/Signatura topográfica íntegra, CALL (RLIN) .W4318 P4 1977
049 ## - FONDOS LOCALES (OCLC)
Biblioteca depositaria GRAL
100 1# - ENTRADA PRINCIPAL--NOMBRE DE PERSONA
Nombre de persona Weber, Max,
Fechas asociadas al nombre 1864-1920.
240 10 - TÍTULO UNIFORME
Título uniforme Gesammelte anfsèatze zur wuissenschafslehre.
Lenguaje de la obra español
245 10 - MENCIÓN DEL TÍTULO
Título Sobre la teoría de las ciencias sociales /
Mención de responsabilidad, etc. Max Weber ; traducción Michael Faber-Kaiser.
250 ## - MENCION DE EDICION
Mención de edición 3. ed.
260 ## - PUBLICACIÓN, DISTRIBUCIÓN, ETC.
Lugar de publicación, distribución, etc. Barcelona :
Nombre del editor, distribuidor, etc. Ediciones Península,
Fecha de publicación, distribución, etc. 1977.
300 ## - DESCRIPCIÓN FÍSICA
Extensión 161 p. ;
Dimensiones 19 cm.
440 #0 - MENCIÓN DE SERIE/PUNTO DE ACCESO ADICIONAL--TÍTULO
Título Ediciones de bolsillo ;
Designación de volumen o secuencia 73
500 ## - NOTA GENERAL
Nota general Traducción de: Gesammelte Aufsèatze zur Wissenschaftslehre.
600 14 - PUNTO DE ACCESO ADICIONAL DE MATERIA--NOMBRE DE PERSONA
Nombre de persona Weber, Max,
Fechas asociadas al nombre 1864-1920.
650 #4 - PUNTO DE ACCESO ADICIONAL DE MATERIA--TÉRMINO DE MATERIA
Término de materia o nombre geográfico como elemento de entrada Ciencias sociales
Subdivisión general Discursos, ensayos, conferencias.
650 #7 - PUNTO DE ACCESO ADICIONAL DE MATERIA--TÉRMINO DE MATERIA
Término de materia o nombre geográfico como elemento de entrada Ciencias sociales.
Fuente del encabezamiento o término embne
650 #4 - PUNTO DE ACCESO ADICIONAL DE MATERIA--TÉRMINO DE MATERIA
Término de materia o nombre geográfico como elemento de entrada ces
650 #4 - PUNTO DE ACCESO ADICIONAL DE MATERIA--TÉRMINO DE MATERIA
Término de materia o nombre geográfico como elemento de entrada coleccion enriquillo sanchez
700 1# - ENTRADA AGREGADA--NOMBRE PERSONAL
Nombre de persona Faber-Kaiser, Michael.
942 ## - ELEMENTOS DE ENTRADA SECUNDARIOS (KOHA)
Fuente del sistema de clasificación o colocación Clasificación de Library of Congress
Tipo de ítem Koha
994 ## -
-- C0
-- DRFGD
946 ## - PROCESAMIENTO DE INFORMACIÓN LOCAL (OCLC)
a sadt
Holdings
Estatus retirado Estado de pérdida Fuente del sistema de clasificación o colocación Estado de daño No para préstamo Colección Biblioteca de origen Biblioteca actual Ubicación en estantería Fecha de adquisición Código de barras Visto por última vez Copia número Tipo de ítem Koha
    Clasificación de Library of Congress     Automatización y Procesos Técnicos Biblioteca Juan Bosch Biblioteca Juan Bosch Automatización y Procesos Técnicos (1er. Piso) 11/04/2023 00000081102 17/02/2019 1